| 000 | 00865nam a2200241Ia 4500 | ||
|---|---|---|---|
| 003 | GCL | ||
| 008 | 140319s9999 xx 000 0 ara d | ||
| 040 |
_aGCL / _cGCL |
||
| 082 | 0 | 4 |
_a375.006 _bر م |
| 100 | 1 | _aرزق فايز بطينة | |
| 245 | 1 | 0 |
_aالمناهج التربوية : _bالمفهوم، العناصر، الاسس، انواعها، التطوير / _cرزق فايز بطينة |
| 260 |
_aالاردن : _bجدارا للكتاب العالمي ، _c2006 |
||
| 300 |
_a167 ص ؛ _c24 سم |
||
| 650 | 0 | 4 | _aالمناهج |
| 650 | 0 | 4 | _aالتعليم - مناهج |
| 650 | 0 | 4 | _aالمناهج - تخطيط |
| 650 | 0 | 4 | _aالمدارس - مناهج |
| 650 | 0 | 4 | _aالمناهج - تقييم |
| 650 | 0 | 4 | _aالمناهج - تطوير |
| 650 | 0 | 4 | _aالطلاب - نشاط |
| 650 | 0 | 4 | _aالمناهج - انواع |
| 942 |
_2ddc _cBK |
||
| 999 |
_c10006 _d10006 |
||